| 000 | 01937nam a22002417a 4500 | ||
|---|---|---|---|
| 999 |
_c60291 _d60291 |
||
| 003 | Ge_BSU | ||
| 005 | 20230626150935.0 | ||
| 008 | 230626b1981 ge ||||| |||| 00| 0 geo d | ||
| 041 | _ageo | ||
| 080 | _a94(479.22)"14"(093უცხ.) მ-50 | ||
| 245 |
_aXV საუკუნის იტალიელ მოგზაურთა ცნობები საქართველოს შესახებ = Сведения итальянских путешественников XV века о Грузии / _cიტალ. თარგმნა, შესავალი, შენიშვნები და საძიებლები დაურთო ელდარ მამისთვალიშვილმა; ტომის რედ. ჯ. ოდიშვილი. |
||
| 264 |
_aთბილისი : _bმეცნიერება, _c 1981. |
||
| 300 |
_a101 გვ. ; _b21 სმ. |
||
| 490 | _aსაქართველოს ისტორიის წყაროები ; 26 საქართველოს ისტორიის უცხოური წყაროები ; XIV | ||
| 501 | _a საძიებლები: გვ. 92-101. | ||
| 520 | _aრეზ. რუს. და ინგლ. | ||
| 653 | _aმოგზაურობა საქართველოში. იტალიელი მოგზაურები | ||
| 653 | _aსაქართველოს ისტორია -- XV ს. -- უცხოური წყაროები | ||
| 700 |
_aმამისთვალიშვილმა, ელდარ _eმთარგმნელი _918976 |
||
| 700 |
_aოდიშვილი, ჯ. _eტომის რედაქტორი _918584 |
||
| 710 |
_aსაქ. სსრ მეცნ. აკადემია _bსაქ. ისტორიის წყაროების კომისია _918975 |
||
| 942 |
_2udc _cBK |
||